00897nam a2200217Ia 4500003000900000008004100009020001800050040001600068080002400084111008300108245024000191260004800431300001300479490005900492650002100551650002300572650001500595700002200610700002300632700002400655IN-BaIIA211028s9999 xx 000 0 eng d a0-521-79141-3 cIIA Library a524.352:52-726bSUP aSpace Telescope Science Institute SymposiumcBaltimore, Marylandd1999 May 3-6 0aSupernovae and gamma-ray burstsbthe greatest explosions sine the big bang; proceedings of the space telescope science institute symposium held in Baltimore, Maryland, May 3-6, 1999cedited by Mario Livio, Nino Panagia and Kaliash Sahu aCambridgebCambridge University Pressc2001 ax, 376p. aSpace telescope science institute symposium series; 13 aGamma ray bursts aSupernova remnants aSupernovae aLivio, Mario, ed. aPanagia, Nino, ed. aSahu, Kailash., ed.